000 00360 a2200109 4500
001 ART_41848
005 20260410162024.0
008 260409a
245 1 0 _aEl embarazo adolescente en un contexto de alta inmigración
100 1 _aPalma Cabrera, Yolanda
773 0 _tNotas de población
_g- Año XLIII, Nº 103 (jul./dic. 2016)
_wREV41841
999 _c33354
_d33354